000 00712nam a2200205Ia 4500
003 GCL
008 140319s9999 xx 000 0 ara d
020 _a252291977
040 _aGCL /
_cGCL
082 0 4 _a792
_bهـ ا
100 1 _aهيثم يحيى الخواجة
245 1 0 _aاشكاليات التاصيل فى المسرح العربى /
_cهيثم يحيى الخواجة
250 _aالاولى
260 _aالقاهرة :
_bمركز الحضارة العربية للاعلام والنشر ،
_c2000
300 _a191 ص ؛
_c22 سم
650 0 4 _aالفنون المسرحية
650 0 4 _aالمسرحية - تاريخ ونقد
650 0 4 _aالمسرح - عروض
942 _2ddc
_cBK
999 _c4794
_d4794